Heritage Trees Of Tamilnadu / (Record no. 200182)

MARC details
000 -LEADER
fixed length control field 00386nam a22001457a 4500
005 - DATE AND TIME OF LATEST TRANSACTION
control field 20240117121836.0
010 ## - LCCN (DPL NO)
LC control number ENG-138914
035 ## - SYSTEM CONTROL NUMBER
System control number EN-122446
037 ## - SOURCE OF ACQUISITION
Source of stock number/acquisition DBAD/PUB
082 ## - DEWEY DECIMAL CLASSIFICATION NUMBER
Classification number 294.5212
245 ## - TITLE STATEMENT
Title Heritage Trees Of Tamilnadu /
300 ## - PHYSICAL DESCRIPTION
Extent 100 pg.
Dimensions 41 cm (hbk)
700 ## - ADDED ENTRY--PERSONAL NAME
Personal name Nilosree Biswas and Irfan Nabi
9 (RLIN) 60981
942 ## - ADDED ENTRY ELEMENTS (KOHA)
Source of classification or shelving scheme Dewey Decimal Classification
Item type English Books
Classification part 294.5212
Call number suffix HER
Holdings
Withdrawn status Lost status Not for loan Collection code Home library Current library Date acquired Source of acquisition Full call number Barcode Copy number Koha item type
    Not For Loan Non-fiction Ashok Vihar Ashok Vihar 17/01/2024 DBAD/PUB 294.5212 HER EN-122446 1 English Books

© Delhi Public Library
Hit Counter
free hit counter